[Event "TCh-CHN 2019"]
[Site "China CHN"]
[Date "2019.05.09"]
[Round "7.5"]
[Board "4"]
[White "Gu, Tianlu"]
[Black "Zhou, Zirun"]
[Result "1/2-1/2"]
[WhiteTitle "WIM"]
[WhiteElo "2261"]
[BlackElo "2124"]
[WhiteTeam "Hangzhou Bank Team"]
[BlackTeam "Hangzhou Hongda team"]
[WhiteFideId "8603995"]
[BlackFideId "8610975"]
[EventDate "2019.04.09"]

1. e4 c5 2. Nf3 d6 3. d4 cxd4 4. Nxd4 Nf6 5. Nc3 a6 6. h3 e5 7. Nde2 h5 8. Bg5
Be6 9. Bxf6 Qxf6 10. Nd5 Bxd5 11. Qxd5 Nc6 12. c3 g6 13. Ng1 Be7 14. Nf3 Qf4 15.
Be2 h4 16. Nd2 O-O 17. Nc4 Rfd8 18. Nb6 Rab8 19. O-O Bf8 20. Bc4 Ne7 21. Qd3 Bh6
22. Rad1 Kg7 23. Rfe1 Qf6 24. Qe2 Bf4 25. Rd3 Nc8 26. Nd5 Qg5 27. Nxf4 exf4 28.
Rd5 Qf6 29. e5 Qe7 30. Rd4 g5 31. exd6 Qxe2 32. Rxe2 Nxd6 33. Red2 b5 34. Bf1
Nb7 35. Rxd8 Rxd8 36. Rxd8 Nxd8 37. c4 bxc4 38. Bxc4 a5 39. Kf1 Kf6 40. Ke2 Ke5
41. Kd3 f5 42. f3 Nb7 43. Kc3 Nd6 44. Be2 Kd5 45. b3 Nc8 46. Bc4+ Ke5 47. a3 Nb6
48. Bg8 g4 49. Bc4 Nd7 50. b4 axb4+ 51. axb4 Kd6 52. Kd4 Ne5 53. Be2 Nc6+ 54.
Kc3 Ne5 55. b5 Kc5 56. b6 Kxb6 57. Kd4 gxh3 58. gxh3 Nxf3+ 59. Bxf3 Kc7 60. Ke5
Kd7 61. Kxf5 Ke7 62. Kxf4 Kf7 63. Kg5 Kg7 1/2-1/2

[Event "TCh-CHN 2019"]
[Site "China CHN"]
[Date "2019.05.09"]
[Round "7.5"]
[Board "5"]
[White "Khademalsharieh, Sarasadat"]
[Black "Zhao, Shengxin"]
[Result "1-0"]
[WhiteTitle "IM"]
[BlackTitle "WFM"]
[WhiteElo "2487"]
[BlackElo "2093"]
[WhiteTeam "Hangzhou Bank Team"]
[BlackTeam "Hangzhou Hongda team"]
[WhiteFideId "12512214"]
[BlackFideId "8608040"]
[EventDate "2019.04.09"]

1. Nf3 d5 2. c4 e6 3. e3 Nf6 4. Nc3 Be7 5. b3 O-O 6. Bb2 b6 7. cxd5 exd5 8. d4
c5 9. Bd3 Bg4 10. dxc5 bxc5 11. h3 Bh5 12. g4 Bg6 13. Bxg6 fxg6 14. g5 Ne4 15.
Nxe4 dxe4 16. Qxd8 Bxd8 17. Nd2 Re8 18. Ke2 Bxg5 19. Rac1 Bf6 20. Ba3 a5 21.
Bxc5 Na6 22. Rc4 Nxc5 23. Rxc5 a4 24. b4 a3 25. Rhc1 Be7 26. R5c4 Reb8 27. Rb1
Ra4 28. b5 Rxc4 29. Nxc4 Kf7 30. b6 Ke6 31. Rb5 Bd6 32. b7 Bc7 33. Nxa3 Kd6 34.
Nc2 Bd8 35. Nb4 1-0

[Event "TCh-CHN 2019"]
[Site "China CHN"]
[Date "2019.05.09"]
[Round "7.6"]
[Board "2"]
[White "Ni, Hua"]
[Black "Li, Yankai"]
[Result "1/2-1/2"]
[WhiteTitle "GM"]
[BlackTitle "IM"]
[WhiteElo "2669"]
[BlackElo "2432"]
[WhiteTeam "China Mobil Shanghai Chess Club"]
[BlackTeam "Zhihui Sports chess team of Tianjin"]
[WhiteFideId "8601160"]
[BlackFideId "8609357"]
[EventDate "2019.04.09"]

1. d4 Nf6 2. c4 e6 3. g3 d5 4. Bg2 Be7 5. Nf3 O-O 6. Nc3 dxc4 7. Ne5 Qd6 8. O-O
Qa6 9. a4 Nc6 10. Nb5 Nxe5 11. dxe5 Rd8 12. Qc2 Nd5 13. Qxc4 Bd7 14. Bd2 Bc6 15.
Rfc1 Rd7 16. Be1 Nb6 17. Qg4 Bxg2 18. Kxg2 c6 19. Nd4 Rad8 20. e3 c5 21. Nb5 Nd5
22. Qc4 Qc6 23. e4 a6 24. Nd6 Bxd6 25. exd6 Nb6 26. Qxc5 Qxe4+ 27. f3 Qe2+ 28.
Qf2 Qxf2+ 29. Bxf2 Rxd6 30. Rc7 Rd2 31. Rxb7 Nc4 32. Rc1 Nxb2 33. Rcc7 Nd3 34.
Rxf7 Rxf2+ 35. Kg1 Rc8 1/2-1/2

[Event "TCh-CHN 2019"]
[Site "China CHN"]
[Date "2019.05.09"]
[Round "7.6"]
[Board "3"]
[White "Xu, Yi"]
[Black "Malakhov, Vladimir"]
[Result "1/2-1/2"]
[WhiteTitle "GM"]
[BlackTitle "GM"]
[WhiteElo "2542"]
[BlackElo "2668"]
[WhiteTeam "China Mobil Shanghai Chess Club"]
[BlackTeam "Zhihui Sports chess team of Tianjin"]
[WhiteFideId "8605564"]
[BlackFideId "4120787"]
[EventDate "2019.04.09"]

1. e4 e5 2. Nf3 Nc6 3. Nc3 Nf6 4. d4 exd4 5. Nxd4 Bb4 6. Nxc6 bxc6 7. Bd3 O-O 8.
O-O d5 9. exd5 cxd5 10. Bg5 c6 11. Qf3 h6 12. Bxf6 Qxf6 13. Qxf6 gxf6 14. Ne2
Bd6 15. Nd4 c5 16. Nf5 Bxf5 17. Bxf5 Rfe8 18. b3 Re5 19. Bd3 Bc7 20. Rad1 Rb8
21. g3 Ba5 22. f4 Re3 23. Kf2 d4 24. Kg2 Kg7 25. Rf3 Rbe8 26. Rxe3 dxe3 27. Kf3
Bd2 28. Ke2 a5 29. a4 Rd8 30. Kf3 Rd4 31. Rg1 Kf8 32. Bc4 Kg7 33. Bd3 Kf8 34.
Bc4 Kg7 35. Bd3 1/2-1/2

[Event "TCh-CHN 2019"]
[Site "China CHN"]
[Date "2019.05.09"]
[Round "7.6"]
[Board "4"]
[White "Khotenashvili, Bela"]
[Black "Ni, Shiqun"]
[Result "1/2-1/2"]
[WhiteTitle "GM"]
[BlackTitle "WGM"]
[WhiteElo "2446"]
[BlackElo "2389"]
[WhiteTeam "Zhihui Sports chess team of Tianjin"]
[BlackTeam "China Mobil Shanghai Chess Club"]
[WhiteFideId "13602640"]
[BlackFideId "8608466"]
[EventDate "2019.04.09"]

1. g3 d5 2. Bg2 g6 3. d4 Bg7 4. c3 Nf6 5. Nf3 c6 6. a4 a5 7. Nbd2 O-O 8. O-O Re8
9. Re1 Nbd7 10. e4 Nxe4 11. Nxe4 dxe4 12. Rxe4 Nf6 13. Re1 Bg4 14. Qb3 Bxf3 15.
Bxf3 Qd7 16. Bf4 e6 17. Be5 Nd5 18. Bxg7 Kxg7 19. Re5 Ne7 20. Rae1 h5 21. h4 Nf5
22. Bg2 Re7 23. Bh3 Qd8 24. Bxf5 gxf5 25. c4 Rd7 26. d5 cxd5 27. cxd5 Rxd5 28.
Rxd5 Qxd5 29. Qxd5 exd5 30. Re5 Rd8 31. Rxf5 Kg6 32. Rf3 d4 33. Kf1 d3 34. Ke1
Re8+ 35. Kd1 Re2 36. b3 Rb2 37. Rxd3 Rxf2 38. Rd7 b6 39. Ke1 Rf3 40. Rd6+ Rf6
41. Rd5 Rf5 42. Rd6+ Rf6 43. Rd5 Rf5 44. Rd6+ 1/2-1/2

[Event "TCh-CHN 2019"]
[Site "China CHN"]
[Date "2019.05.09"]
[Round "7.6"]
[Board "5"]
[White "Chu, Ruotong"]
[Black "Ju, Wenjun"]
[Result "0-1"]
[WhiteTitle "WIM"]
[BlackTitle "GM"]
[WhiteElo "2207"]
[BlackElo "2580"]
[WhiteTeam "Zhihui Sports chess team of Tianjin"]
[BlackTeam "China Mobil Shanghai Chess Club"]
[WhiteFideId "8605653"]
[BlackFideId "8603006"]
[EventDate "2019.04.09"]

1. d4 Nf6 2. g3 d5 3. Nf3 c6 4. Bg2 Bf5 5. c4 e6 6. Nc3 Nbd7 7. Qb3 Qb6 8. c5
Qxb3 9. axb3 Be7 10. b4 Ne4 11. Nd2 Nxd2 12. Bxd2 Bf6 13. e3 e5 14. Ne2 O-O 15.
Bc3 a6 16. f3 Rae8 17. h4 h5 18. Kf2 Re7 19. Rhe1 Rfe8 20. Rad1 g6 21. Bf1 e4
22. f4 Bg7 23. Ng1 Nf6 24. Rd2 Ng4+ 25. Ke2 f6 26. Kd1 Bh6 27. Nh3 Rg7 28. Nf2
g5 29. hxg5 fxg5 30. Nxg4 Bxg4+ 31. Be2 Bf3 32. Bxf3 exf3 33. Rh2 h4 34. gxh4 g4
35. Rf2 Kf7 36. Kd2 Kg6 37. Kd3 Kf5 38. Rg1 Rh7 39. Be1 Rhe7 40. Bd2 Bg7 41. Rh2
Bf6 42. b3 Rh8 43. Be1 Reh7 44. Rgh1 Rh5 45. Bf2 Bd8 46. Bg3 R8h7 47. Be1 R7h6
48. Bg3 Rh8 49. Be1 Bf6 50. Bg3 Rg8 51. Rg1 Rg7 52. Rgh1 Re7 53. Bf2 Rh6 54. Bg3
Re8 55. Rg1 Bd8 56. Bf2 Bc7 57. Bg3 Rhe6 58. Bf2 Rxe3+ 59. Bxe3 Rxe3+ 60. Kxe3
Bxf4+ 61. Kf2 Bxh2 62. Rh1 Kf4 63. Rxh2 g3+ 0-1

[Event "TCh-CHN 2019"]
[Site "China CHN"]
[Date "2019.07.24"]
[Round "8.1"]
[Board "1"]
[White "Zhao, Jun"]
[Black "Wang, Yue"]
[Result "1/2-1/2"]
[WhiteTitle "GM"]
[BlackTitle "GM"]
[WhiteElo "2639"]
[BlackElo "2674"]
[WhiteTeam "Shandong Jingzhi team"]
[BlackTeam "Zhihui Sports chess team of Tianjin"]
[WhiteFideId "8602522"]
[BlackFideId "8601429"]
[EventDate "2019.04.09"]

1. e4 c6 2. Nc3 d5 3. Nf3 Bg4 4. h3 Bxf3 5. Qxf3 Nf6 6. Be2 e6 7. O-O Nbd7 8. d4
dxe4 9. Nxe4 Nxe4 10. Qxe4 Nf6 11. Qd3 Bd6 12. Rd1 Qe7 13. Bg5 h6 14. Bxf6 Qxf6
15. Qf3 Qxf3 16. Bxf3 O-O-O 17. Rd3 Rhe8 18. Rad1 e5 19. dxe5 Bxe5 20. Rxd8+
Rxd8 21. Rxd8+ Kxd8 22. b3 Ke7 23. Kf1 Kd6 24. Ke2 b6 25. Kd3 g6 26. g3 c5 27.
c3 h5 28. Bg2 Bg7 29. Bf3 Be5 30. Bg2 Bg7 31. Bf3 Be5 32. Bg2 1/2-1/2

[Event "TCh-CHN 2019"]
[Site "China CHN"]
[Date "2019.07.24"]
[Round "8.1"]
[Board "2"]
[White "Wen, Yang"]
[Black "Li, Yankai"]
[Result "1/2-1/2"]
[WhiteTitle "GM"]
[BlackTitle "IM"]
[WhiteElo "2586"]
[BlackElo "2432"]
[WhiteTeam "Shandong Jingzhi team"]
[BlackTeam "Zhihui Sports chess team of Tianjin"]
[WhiteFideId "8602956"]
[BlackFideId "8609357"]
[EventDate "2019.04.09"]

1. Nf3 Nf6 2. g3 d5 3. Bg2 e6 4. O-O Be7 5. c4 O-O 6. b3 d4 7. e3 c5 8. exd4
cxd4 9. Bb2 Nc6 10. Re1 Ne8 11. Ne5 Nxe5 12. Rxe5 f6 13. Re1 e5 14. d3 Rb8 15.
Nd2 Nc7 16. f4 exf4 17. gxf4 Bf5 18. Ne4 Bb4 19. Rf1 Bxe4 20. dxe4 Bc5 21. Kh1
Qd6 22. b4 Bxb4 23. Bxd4 Bc5 24. Bc3 Qe6 25. e5 Rfd8 26. f5 Qxc4 27. Qe1 Nd5 28.
Ba5 b6 29. Rc1 Qxa2 30. Rxc5 bxc5 31. Bxd8 Rxd8 32. Rf2 Qb3 33. Rd2 fxe5 34. h3
Qc4 35. Qd1 Kf8 36. Bxd5 Qf4 37. f6 e4 38. fxg7+ Kxg7 39. Rg2+ Kh6 40. Rg4 Qf3+
41. Qxf3 exf3 42. Bxf3 Rd4 43. Rg1 c4 44. Kg2 Kg5 45. Kg3 c3 46. Rc1 Rc4 47. Be2
Rc5 48. Rc2 a5 49. Bd3 h6 50. h4+ Kf6 51. Kf4 a4 52. Ke4 a3 53. Rf2+ Kg7 54. Ra2
Rh5 55. Rxa3 Rxh4+ 56. Ke5 Rb4 57. Ra7+ Kf8 58. Rc7 Ke8 59. Bf5 Kd8 60. Rxc3 Rb6
61. Be6 Ke7 62. Rc7+ Kd8 63. Rh7 h5 64. Bd5 h4 65. Rxh4 Ra6 66. Rh7 Rb6 67. Ra7
Kc8 68. Kd4 Kd8 69. Kc5 Rh6 70. Bc6 Rh5+ 71. Kb6 Rh2 72. Rd7+ Kc8 73. Re7 Rd2
74. Re8+ Rd8 75. Re2 Rd1 76. Ba4 Rd6+ 77. Kc5 Rh6 78. Bc6 Rh3 79. Kb6 Rd3 80.
Re5 Rd6 81. Kc5 Rd1 82. Re7 Kd8 83. Rg7 Rf1 84. Bd5 Rf6 85. Kd4 Rd6 86. Ra7 Rd7
87. Ra8+ Ke7 88. Ke5 Rc7 89. Rh8 Kd7 90. Rh6 Ke7 91. Bc6 Kd8 92. Rh8+ Ke7 93.
Bd5 Kd7 94. Rh6 Ke7 95. Bc6 Kd8 96. Kd6 Rd7+ 97. Kc5 Rg7 98. Re6 Re7 99. Rg6 Kc7
100. Bd5 Kd7 101. Ra6 Kc7 102. Be6 Kb7 103. Rb6+ Kc7 104. Bd5 Kd7 105. Ra6 Kc7
106. Rh6 Kd7 107. Kb6 Rg7 108. Kc5 Re7 109. Kd4 Kc7 110. Bc6 Rg7 111. Kc5 Re7
112. Rh8 Re5+ 113. Bd5 Re7 114. Ra8 Kd7 115. Ra6 1/2-1/2

[Event "TCh-CHN 2019"]
[Site "China CHN"]
[Date "2019.07.24"]
[Round "8.1"]
[Board "3"]
[White "Liu, Qingnan"]
[Black "Malakhov, Vladimir"]
[Result "1/2-1/2"]
[WhiteTitle "GM"]
[BlackTitle "GM"]
[WhiteElo "2533"]
[BlackElo "2668"]
[WhiteTeam "Shandong Jingzhi team"]
[BlackTeam "Zhihui Sports chess team of Tianjin"]
[WhiteFideId "8603294"]
[BlackFideId "4120787"]
[EventDate "2019.04.09"]

1. e4 e5 2. Nf3 Nc6 3. Bb5 Nf6 4. O-O Nxe4 5. Re1 Nd6 6. Nxe5 Be7 7. Bf1 Nxe5 8.
Rxe5 O-O 9. Nc3 Ne8 10. Nd5 Bd6 11. Re1 c6 12. Ne3 Bc7 13. Nf5 d5 14. Ne7+ Kh8
15. Nxc8 Rxc8 16. d3 Qd7 17. g3 f5 18. Qf3 Nf6 19. Bf4 Bxf4 20. Qxf4 Rce8 21.
Bh3 g6 22. Rxe8 Qxe8 23. Kf1 Qd7 24. Re1 Kg8 25. Re5 a6 26. c3 Kg7 27. b4 h6 28.
a4 Re8 29. Rxe8 Qxe8 30. Qc7+ Qf7 31. Qe5 Qe8 32. Qc7+ Qf7 33. Qe5 Qe8 34. Qd4
h5 35. a5 Qe7 36. Bg2 Kf7 37. Bf3 Ne8 38. h4 Nc7 39. Qh8 Ne6 40. Qb8 Qc7 41. Qa7
Qd7 42. Kg2 Kf6 43. Qb8 Qc7 44. Qa7 Qd7 1/2-1/2

[Event "TCh-CHN 2019"]
[Site "China CHN"]
[Date "2019.07.24"]
[Round "8.1"]
[Board "4"]
[White "Khotenashvili, Bela"]
[Black "Ning, Kaiyu"]
[Result "0-1"]
[WhiteTitle "GM"]
[BlackTitle "WIM"]
[WhiteElo "2446"]
[BlackElo "2353"]
[WhiteTeam "Zhihui Sports chess team of Tianjin"]
[BlackTeam "Shandong Jingzhi team"]
[WhiteFideId "13602640"]
[BlackFideId "8614750"]
[EventDate "2019.04.09"]

1. Nf3 d5 2. g3 c6 3. Bg2 Bg4 4. d3 Nd7 5. O-O Ngf6 6. h3 Bxf3 7. Bxf3 e5 8. c4
dxc4 9. dxc4 Bc5 10. Nd2 Qc7 11. Nb3 Be7 12. Be3 O-O 13. Qc2 Rfd8 14. Rfd1 Nf8
15. Qc3 Ne6 16. Qa5 b6 17. Qa4 Rxd1+ 18. Rxd1 Rc8 19. Qa6 h5 20. c5 bxc5 21. Rc1
e4 22. Bg2 h4 23. g4 Rd8 24. Na5 Rd6 25. Qb7 Qxa5 26. g5 Nd5 27. g6 Qb6 0-1

[Event "TCh-CHN 2019"]
[Site "China CHN"]
[Date "2019.07.24"]
[Round "8.1"]
[Board "5"]
[White "Xiao, Yiyi"]
[Black "Stefanova, Antoaneta"]
[Result "1/2-1/2"]
[WhiteTitle "WFM"]
[BlackTitle "GM"]
[WhiteElo "2306"]
[BlackElo "2476"]
[WhiteTeam "Zhihui Sports chess team of Tianjin"]
[BlackTeam "Shandong Jingzhi team"]
[WhiteFideId "8606161"]
[BlackFideId "2902257"]
[EventDate "2019.04.09"]

1. d4 d5 2. c4 e6 3. Nf3 c6 4. Qc2 dxc4 5. Qxc4 Nf6 6. g3 b5 7. Qc2 Bb7 8. Bg2
Nbd7 9. Nc3 Rc8 10. O-O b4 11. Ne4 c5 12. Nxf6+ Nxf6 13. Bg5 Be7 14. Bxf6 gxf6
15. Rfd1 Qb6 16. Rac1 O-O 17. Qd2 Bxf3 18. dxc5 Bxc5 19. exf3 Rfd8 20. Qe2 f5
21. f4 Bd4 22. Rxc8 Rxc8 23. Bf3 a5 24. Rd2 Rd8 25. Qc4 Bf6 26. Rxd8+ Qxd8 27.
b3 Bd4 28. Kg2 Bb6 29. h4 Kg7 30. Qe2 Qd4 31. Bb7 Kg8 32. Bf3 Kg7 33. Bb7 Kg8
34. Bf3 1/2-1/2

[Event "TCh-CHN 2019"]
[Site "China CHN"]
[Date "2019.07.24"]
[Round "8.2"]
[Board "3"]
[White "Ma, Qun"]
[Black "Ni, Hua"]
[Result "1/2-1/2"]
[WhiteTitle "GM"]
[BlackTitle "GM"]
[WhiteElo "2627"]
[BlackElo "2669"]
[WhiteTeam "Hangzhou Bank Team"]
[BlackTeam "China Mobil Shanghai Chess Club"]
[WhiteFideId "8603154"]
[BlackFideId "8601160"]
[EventDate "2019.04.09"]

1. Nf3 Nf6 2. c4 e6 3. Nc3 d5 4. d4 Bb4 5. Bg5 h6 6. Bxf6 Qxf6 7. Qa4+ Nc6 8. e3
O-O 9. Be2 Bd7 10. Qb3 dxc4 11. Qxc4 Qg6 12. O-O Bd6 13. Rfd1 Na5 14. Qd3 Qxd3
15. Bxd3 Rfd8 16. Rac1 Rac8 17. Ne4 Be8 18. Kf1 Be7 19. Ke2 Ba4 20. Re1 Be8 21.
Red1 Ba4 22. Re1 Be8 23. Red1 1/2-1/2

[Event "TCh-CHN 2019"]
[Site "China CHN"]
[Date "2019.07.24"]
[Round "8.2"]
[Board "4"]
[White "Ju, Wenjun"]
[Black "Girya, Olga"]
[Result "1/2-1/2"]
[WhiteTitle "GM"]
[BlackTitle "WGM"]
[WhiteElo "2580"]
[BlackElo "2488"]
[WhiteTeam "China Mobil Shanghai Chess Club"]
[BlackTeam "Hangzhou Bank Team"]
[WhiteFideId "8603006"]
[BlackFideId "4195752"]
[EventDate "2019.04.09"]

1. d4 Nf6 2. c4 e6 3. g3 d5 4. Bg2 Bb4+ 5. Bd2 Be7 6. Nf3 O-O 7. O-O Nbd7 8. Qc2
c6 9. Bf4 b6 10. Rd1 Ba6 11. cxd5 cxd5 12. Ne5 Rc8 13. Nc6 Nh5 14. Bc1 Nb8 15.
Nxe7+ Qxe7 16. Qd2 Nc6 17. b3 Qb4 18. Bb2 Qxd2 19. Rxd2 Nf6 20. Nc3 Rc7 21. Rc1
Rfc8 22. Nd1 Ne8 23. f3 Nb4 24. Rxc7 Nxc7 25. Bc3 Nc6 26. e4 Bb7 27. Ne3 a5 28.
Kf2 Ba6 29. a3 h6 30. Bb2 Ne7 31. a4 Nc6 32. Ba3 Bb7 33. exd5 Nxd5 34. Nc4 Ba6
35. Bf1 Ncb4 36. Nxb6 Nxb6 37. Bxb4 Bxf1 38. Bxa5 Nxa4 39. bxa4 Bc4 40. Bb4 Bd5
41. a5 Rc4 42. Rb2 Rxd4 43. a6 Rd1 44. Ba5 Ra1 45. Rb5 Ra2+ 46. Ke3 Ra3+ 47. Kd4
Bxf3 48. a7 Kh7 49. Kc5 g5 50. Kd6 Kg6 51. Kc7 Ra2 52. h3 Ra3 53. Kb8 h5 54. Bd2
f6 55. Bc1 Ra2 56. Rb3 Bd5 57. Rb5 Be4 58. Rb4 Bd5 59. Rb5 Be4 60. Rb4 Bd5 1/2-1/2

[Event "TCh-CHN 2019"]
[Site "China CHN"]
[Date "2019.07.24"]
[Round "8.3"]
[Board "2"]
[White "Zhou, Weiqi"]
[Black "Zou, Chen"]
[Result "1/2-1/2"]
[WhiteTitle "GM"]
[BlackTitle "FM"]
[WhiteElo "2592"]
[BlackElo "2459"]
[WhiteTeam "Chongqing Sports lottery chess team"]
[BlackTeam "Hangzhou Hongda team"]
[WhiteFideId "8601674"]
[BlackFideId "8610959"]
[EventDate "2019.04.09"]

1. c4 Nf6 2. g3 e6 3. Bg2 d5 4. Nf3 Be7 5. O-O O-O 6. b3 d4 7. e3 c5 8. exd4
cxd4 9. Re1 Nc6 10. d3 Nd7 11. Ba3 Re8 12. Bxe7 Rxe7 13. Nbd2 Nc5 14. Ne4 Nxe4
15. Rxe4 e5 16. Qd2 Bf5 17. Re2 Qd6 18. Nh4 Bg4 19. Rae1 h6 20. f3 Bd7 21. f4
Rae8 22. f5 Qf6 23. b4 Nd8 24. Bd5 Kh8 25. Re4 Bc6 26. Bxc6 Nxc6 27. a3 Nb8 28.
Nf3 Qxf5 29. Nxd4 Qd7 30. Nf3 Nc6 31. b5 Nd4 32. Nxd4 exd4 33. Qf4 b6 34. a4
Rxe4 35. Rxe4 Rxe4 36. Qxe4 Qd8 37. Qe5 Qd7 38. Qe4 Qd8 39. Kf2 Qg5 40. Qf4 Qh5
41. h4 Qd1 42. Qxd4 Qxa4 43. Qf4 Kg8 44. Ke3 Qa3 45. Ke4 Qe7+ 46. Qe5 Qb7+ 47.
Qd5 Qe7+ 48. Qe5 Qb7+ 49. Kd4 Qd7+ 50. Kc3 f6 51. Qb8+ Kf7 52. d4 Qe7 53. Kd3
Qa3+ 54. Ke4 Qe7+ 55. Kf3 Qa3+ 56. Ke4 Qe7+ 57. Kf3 Qa3+ 58. Ke4 1/2-1/2

[Event "TCh-CHN 2019"]
[Site "China CHN"]
[Date "2019.07.24"]
[Round "8.3"]
[Board "3"]
[White "Zeng, Chongsheng"]
[Black "Xiang, Zeyu"]
[Result "0-1"]
[WhiteTitle "GM"]
[BlackTitle "IM"]
[WhiteElo "2552"]
[BlackElo "2446"]
[WhiteTeam "Chongqing Sports lottery chess team"]
[BlackTeam "Hangzhou Hongda team"]
[WhiteFideId "8603847"]
[BlackFideId "8608547"]
[EventDate "2019.04.09"]

1. f4 d5 2. Nf3 g6 3. g3 Bg7 4. Bg2 Nf6 5. O-O O-O 6. d3 c5 7. c3 Nc6 8. Na3 b6
9. Nh4 e6 10. Qa4 Bb7 11. e4 a6 12. e5 Nd7 13. d4 b5 14. Qd1 b4 15. Nc2 a5 16.
Be3 Ba6 17. Rf2 bxc3 18. bxc3 cxd4 19. cxd4 Nb6 20. Bc1 Nc4 21. Ne3 Qb6 22. Nf3
Nxe3 23. Bxe3 Rab8 24. g4 Rfc8 25. Bf1 Bxf1 26. Qxf1 Nb4 27. Rb1 Qa6 28. Qxa6
Nxa6 29. Rfb2 Rxb2 30. Rxb2 Bf8 31. Rb7 Rc3 32. Kf2 Ra3 33. f5 exf5 34. gxf5
gxf5 35. Nh4 f4 36. Bxf4 Nb4 37. Bg5 h6 38. Bf6 Nd3+ 39. Kg1 Rxa2 40. Rb8 Ra1+
41. Kg2 Nf4+ 42. Kf2 Ra2+ 43. Kf3 Ne6 44. Nf5 Kh7 45. Rb5 Ra3+ 46. Kg4 a4 47.
Rb7 Rd3 48. h4 h5+ 49. Kxh5 Rf3 50. Ne7 a3 51. Ra7 Bxe7 52. Bxe7 Rg3 0-1

[Event "TCh-CHN 2019"]
[Site "China CHN"]
[Date "2019.07.24"]
[Round "8.3"]
[Board "4"]
[White "Zhou, Zirun"]
[Black "Tan, Zhongyi"]
[Result "1/2-1/2"]
[BlackTitle "GM"]
[WhiteElo "2124"]
[BlackElo "2502"]
[WhiteTeam "Hangzhou Hongda team"]
[BlackTeam "Chongqing Sports lottery chess team"]
[WhiteFideId "8610975"]
[BlackFideId "8603642"]
[EventDate "2019.04.09"]

1. d4 Nf6 2. c4 e6 3. Nc3 Bb4 4. e3 O-O 5. Bd3 d5 6. Nf3 c5 7. O-O cxd4 8. exd4
dxc4 9. Bxc4 b6 10. Bg5 Bb7 11. Qe2 Bxc3 12. bxc3 Nbd7 13. Ne5 Qc7 14. Nxd7 Nxd7
15. Rac1 h6 16. Bh4 Qf4 17. Bg3 Qe4 18. Qxe4 Bxe4 19. Bb5 Nf6 20. f3 Bb7 21. c4
a6 22. Ba4 b5 23. cxb5 axb5 24. Bxb5 Rxa2 25. Be5 Rfa8 26. Bc4 Rd2 27. Bxf6 gxf6
28. Rfd1 Rxd1+ 29. Rxd1 Ra4 30. Bb3 Rb4 31. Ba2 Rb2 32. Rb1 Rxa2 33. Rxb7 Rd2
34. Rd7 Kg7 35. h4 f5 36. Kh2 Kf8 37. Rd8+ Ke7 38. Rh8 Rxd4 39. Rxh6 Kf8 40. Kh3
Kg7 41. Rh5 f6 42. g4 Rd3 43. gxf5 e5 44. Kg2 Rd4 45. Kg3 Rf4 46. Kg2 Kf8 47.
Rh8+ Ke7 48. Kg3 Rxf5 49. Rg8 Kf7 50. Rg4 Rh5 51. f4 f5 52. Rg5 Rxg5+ 53. hxg5
exf4+ 54. Kxf4 Kg6 55. Kf3 1/2-1/2

[Event "TCh-CHN 2019"]
[Site "China CHN"]
[Date "2019.07.24"]
[Round "8.3"]
[Board "5"]
[White "Zhao, Shengxin"]
[Black "Lei, Tingjie"]
[Result "0-1"]
[WhiteTitle "WFM"]
[BlackTitle "GM"]
[WhiteElo "2093"]
[BlackElo "2483"]
[WhiteTeam "Hangzhou Hongda team"]
[BlackTeam "Chongqing Sports lottery chess team"]
[WhiteFideId "8608040"]
[BlackFideId "8605114"]
[EventDate "2019.04.09"]

1. d4 Nf6 2. c4 e6 3. g3 d5 4. Bg2 Be7 5. Nf3 O-O 6. O-O dxc4 7. Qc2 b5 8. a4 b4
9. Nbd2 Bb7 10. Nxc4 Be4 11. Qb3 Nbd7 12. Rd1 c5 13. Bg5 cxd4 14. Rxd4 Bd5 15.
Nfd2 Bxg2 16. Kxg2 Qc7 17. Ne4 Nc5 18. Nxc5 Qxc5 19. Bxf6 Bxf6 20. Rd2 Rac8 21.
Nd6 Qc6+ 22. f3 Rb8 23. Ne4 Be5 24. Rc2 Qb6 25. Nc5 Rfd8 26. a5 Qb5 27. Nd3 Bd6
28. Qc4 b3 29. Qxb5 Rxb5 30. Rc6 Be5 31. a6 g6 32. Rac1 Bd4 33. R1c4 Bb6 34. Rc8
Kg7 35. Rxd8 Bxd8 36. Rb4 Rxb4 37. Nxb4 Bf6 38. Nd3 Kf8 39. e4 Bd4 40. f4 Ke7
41. e5 Kd7 42. Kf3 Kc6 43. Ke4 Bg1 44. Nc1 Kb6 45. h3 Kxa6 46. Nxb3 Kb5 47. Nd2
h6 48. g4 Kb4 49. f5 gxf5+ 50. gxf5 a5 51. b3 Kc3 52. Nf3 Bc5 53. Ne1 Kxb3 0-1

[Event "TCh-CHN 2019"]
[Site "China CHN"]
[Date "2019.07.24"]
[Round "8.4"]
[Board "1"]
[White "Naiditsch, Arkadij"]
[Black "Li, Chao b"]
[Result "1/2-1/2"]
[WhiteTitle "GM"]
[BlackTitle "GM"]
[WhiteElo "2617"]
[BlackElo "2690"]
[WhiteTeam "Chongqing Jiulongpo Yucai Chess team"]
[BlackTeam "Beijing team"]
[WhiteFideId "4650891"]
[BlackFideId "8604436"]
[EventDate "2019.04.09"]

1. e4 e5 2. Nf3 Nf6 3. Nxe5 d6 4. Nf3 Nxe4 5. d4 d5 6. Bd3 Bf5 7. O-O Be7 8. Re1
O-O 9. c4 Nc6 10. cxd5 Qxd5 11. Nc3 Nxc3 12. bxc3 Bxd3 13. Qxd3 Rae8 14. Bf4 Bd6
15. c4 Qh5 16. Bxd6 cxd6 17. Qa3 Qa5 18. Qxd6 Rxe1+ 19. Rxe1 Rd8 20. Re3 h6 21.
Qf4 Qxa2 22. d5 Na5 23. Re7 Rf8 24. Qc7 Qb1+ 25. Ne1 Qb4 26. Re4 Nb3 27. Qe7
Qxe7 28. Rxe7 Rc8 29. Rxb7 Na5 30. Rxa7 Nxc4 31. Ra1 Nb6 1/2-1/2

[Event "TCh-CHN 2019"]
[Site "China CHN"]
[Date "2019.07.24"]
[Round "8.4"]
[Board "3"]
[White "Nie, Xinyang"]
[Black "Nguyen, Ngoc Truong Son"]
[Result "1/2-1/2"]
[BlackTitle "GM"]
[WhiteElo "2348"]
[BlackElo "2641"]
[WhiteTeam "Chongqing Jiulongpo Yucai Chess team"]
[BlackTeam "Beijing team"]
[WhiteFideId "8607222"]
[BlackFideId "12401110"]
[EventDate "2019.04.09"]

1. d4 Nf6 2. c4 e6 3. Nf3 Bb4+ 4. Bd2 a5 5. a3 Bxd2+ 6. Nbxd2 O-O 7. e3 d6 8.
Bd3 Nbd7 9. Qc2 e5 10. O-O Qe7 11. Ne4 Nxe4 12. Bxe4 g6 13. dxe5 dxe5 14. Qc3 a4
15. Bc2 Re8 16. Nd2 Nc5 17. Ne4 Bd7 18. Rfd1 Bc6 19. Nxc5 Qxc5 20. Rd2 Rad8 21.
Rad1 Rxd2 22. Rxd2 Kf8 23. Bd1 Re6 24. Qb4 b6 25. Kf1 Rd6 26. Qxc5 bxc5 27. Ke1
Ke7 28. Bf3 Bd7 29. Rxd6 cxd6 30. Bd5 g5 31. f3 f5 32. Ke2 h6 33. Kd3 Kd8 34.
Ke2 Ke7 35. Kd3 Kd8 36. Ke2 Ke7 1/2-1/2